Classic landforms of the Lake District /

Bibliographic Details
Main Author: Boardman, John, 1942-
Corporate Authors: Geographical Association, British Geomorphological Research Group
Format: Book
Language:English
Published: Sheffield : Geographical Association, 1996.
Series:Classic landform guides.
Subjects:

MARC

Tag First Indicator Second Indicator Subfields
LEADER 00000cam a2200000Ia 4500
001 in00001761827
005 20151025051821.0
008 980612s1996 enkab b 000 0 eng d
020 |a 1899085254 (50 FF) 
035 |a (OCoLC)ocm38086499 
040 |a FAS  |b fre  |c FAS  |d OUN  |d TXA  |d UtOrBLW 
049 |a TXAM 
090 |a GB436.G7  |b B63 1996 
092 |a 554.2 
100 1 |a Boardman, John,  |d 1942- 
245 1 0 |a Classic landforms of the Lake District /  |c John Boardman. 
264 1 |a Sheffield :  |b Geographical Association,  |c 1996. 
300 |a 52 pages :  |b illustrations (mostly color), maps ;  |c 23 cm. 
336 |a text  |b txt  |2 rdacontent 
337 |a unmediated  |b n  |2 rdamedia 
338 |a volume  |b nc  |2 rdacarrier 
490 1 |a Classic landform guides 
500 |a Includes glossary. 
500 |a Previous edition: i.e. 1st edition 1988. 
504 |a Includes bibliographical references (page 51). 
650 0 |a Landforms  |z England  |z Lake District. 
650 0 |a Geomorphology  |z England  |z Lake District. 
710 2 |a Geographical Association. 
710 2 |a British Geomorphological Research Group. 
830 0 |a Classic landform guides. 
948 |a cataloged  |b h  |c 2003/11/7  |d c  |e jgreene  |f 11:53:25 am 
994 |a E0  |b TXA 
999 |a MARS 
999 f f |s fd33a3fd-b2bf-3e4a-a1a6-ec889ff924ca  |i f7f67640-61b2-3c52-a37c-c7b4ca044b60  |t 0 
952 f f |p ric  |a Texas A&M University  |b Rellis Campus  |c Joint Library Facility  |d Remote Storage  |t 0  |e GB436.G7 B63 1996  |h Library of Congress classification  |i unmediated -- volume  |m A14830765069 
998 f f |a GB436.G7 B63 1996  |t 0  |l Remote Storage